Fairy Tales by Illustration Quiz Stats

Quiz Updated Feb 9, 2016

Challenge
Share
Tweet
Score 0/25 Timer 05:00
7 Plays Today
Number Fairy Tale % Correct
1Snow White and the Seven Dwarfs
99%
6Cinderella
97.1%
18Little Red Riding Hood
92.1%
11The Gingerbread Man
89.5%
3The Frog Prince
88.5%
5Jack and the Beanstalk
87.3%
4The Story of the Three Bears
86.5%
8Hansel and Gretel
83.5%
24The Ugly Duckling
81.8%
9The Princess and the Pea
81.6%
25Rapunzel
79.9%
22Sleeping Beauty
77.6%
2Puss in Boots
77.2%
Number Fairy Tale % Correct
20The Adventures of Pinocchio
71.4%
12Pied Piper of Hamelin
64.8%
23Thumbelina
59.3%
17Beauty and the Beast
59.1%
14Peter and the Wolf
58.2%
13Three Billy Goats Gruff
52.6%
21The Goose That Laid the Golden Eggs
48.6%
10Rumpelstiltskin
46.8%
19The Emperor's New Clothes
39%
7The Six Swans
36.6%
15The Elves and the Shoemaker
27.4%
16Tom Thumb
24.1%

You're not logged in!

Compare scores with friends on all Sporcle quizzes.
Sign Up with Email
OR
Log In

You Might Also Like...

Show Comments

Extras

Top Quizzes Today


Score Distribution

Your Account Isn't Verified!

In order to create a playlist on Sporcle, you need to verify the email address you used during registration. Go to your Sporcle Settings to finish the process.